Представление документа в формате RUSMARC

ПолеНазваниеЗначение
  Тип записи a
  Библиографический уровень a
001 Контрольный номер RU/CBS_UL/BASE/f47d3a84ff9d44a5b39e24d6b96c3cd9
005 Дата корректировки 20231210123152.1
100 Данные общей обработки __
a Данные общей обработки 20231210 ||| 0rusy0189 ca
101 Язык документа 0_
a Язык текста rus
102 Страна публикации __
a Страна публикации RU
200 Заглавие и сведения об ответственности 1_
a Заглавие Сохранить индивидуальность несмотря на нововведения
e Сведения, относящиеся к заглавию [статья]
f Первые сведения об ответственности И. Галяутдинов
300 Общие примечания __
a Общие примечания 16+
461 Уровень набора _0
1 2000
a Магариф
463 Уровень физической единицы _0
1 2000
a № 10 (12 окт.)
v С. 13-18
1 2101
d 2023
1 001RU/CBS_UL/BASE/7bb673b3531d4731a06992878a4d03f7
606 Тематические рубрики 0_
a Основная рубрика Образование
610 Ключевые слова 0_
a Ключевые слова лицей имени Н.И. Лобачевского
610 Ключевые слова 0_
a Ключевые слова педагоги Татарстана
610 Ключевые слова 0_
a Ключевые слова Лицейское образование
610 Ключевые слова 0_
a Ключевые слова круглый стол
686 Индексы других классификаций __
2 Код системы rubbk
a Классификационный индекс 74
700 Автор _1
a Фамилия Галяутдинов
b Имя (инициалы) И.
801 Источник записи _0
a Страна RU
b Организация МБУК ЦБС г. Ульяновска
c Дата составления 20231210
g Правила каталогизации RCR
801 Источник записи _1
a Страна RU
b Организация МБУК ЦБС г. Ульяновска
c Дата составления 20231210
g Правила каталогизации RCR
901 Тип документа __
t Тип документа b
w Контрольный № источника RU/CBS_UL/BASE/7bb673b3531d4731a06992878a4d03f7